Levoča

Zobrazenie: pohľad na mesto zo zelenej lúky s ostrovkami

Bibliographic Details
Main Author: Belický, Karol, 1937-2016 (Author)
Format: Postcard
Language:Slovak
PhysicalDescription:1 pohľadnica farebná 11 x 15 cm
Published: Bratislava [Epocha] 1970
Subjects:

MARC

LEADER 00000nkm a2200000 a 4500
001 vtls011778998
003 SK-MaSNL
005 20260512122339.0
007 kp co
008 230718s1970 xo g 0k|slo
015 |a SNBG1970 
035 |a urn:nbn:sk:snk-km00dpbe 
035 |a urn:nbn:sk:snk-km3lxzc 
035 |a 3A277242-7583-4F5A-912F-D6AC5226EE7D 
040 |a SNK  |b slo  |c SNK  |e AACR2 
041 0 |a slo 
043 |a e-xo--- 
044 |a xo  |c SK 
072 7 |a 913  |x Regionálna geografia  |2 konspekt 
080 |a 913(437.6)  |2 2011 
080 |a (084.121)  |2 2011 
100 1 |a Belický, Karol,  |d 1937-2016  |4 aut  |9 122693 
245 1 0 |a Levoča  |h grafika  |c foto: Karol Belický 
260 |a Bratislava  |b [Epocha]  |c 1970 
300 |a 1 pohľadnica  |b farebná  |c 11 x 15 cm 
520 8 |a Zobrazenie: pohľad na mesto zo zelenej lúky s ostrovkami 
651 7 |a Levoča (Slovensko)  |2 SNKPHgeo  |9 26696 
655 7 |a miestne pohľadnice  |2 SNKPH  |9 70510 
852 |a Slovenská národná knižnica 
954 |a pohľadnice pôvodné (slovenské)  |2 lita 
958 |a GBN 
958 |a GC 
958 |a OND 
958 |a EUIPO 
999 |c 600686  |d 602616 
952 |a SNK  |b SNK  |y PREZ  |7 0  |p 17A1294376  |o snkSP 133041  |0 0  |1 0  |4 0  |d 2018-09-14  |f 1  |l 0  |r 2026-02-23 15:53:04  |w 2026-02-23